LIBRARY & INFORMATION CENTRE, KCAET, TAVANUR

ONLINE PUBLIC ACCESS CATALOGUE (OPAC)

State and local government / (Record no. 1714)

MARC details
000 -LEADER
fixed length control field 00490cam a2200193ua 4500
041 ## - LANGUAGE CODE
Language code of text/sound track or separate title eng
082 ## - DEWEY DECIMAL CLASSIFICATION NUMBER
Classification number 320.1
Item number MAD/ST
100 ## - MAIN ENTRY--AUTHOR NAME
Personal name Maddox, Russell.W .
245 ## - TITLE STATEMENT
Title State and local government /
250 ## - EDITION STATEMENT
Edition statement 1 /
260 ## - PUBLICATION, DISTRIBUTION, ETC. (IMPRINT)
Place of publication New Delhi :
Name of publisher D.Van nostrant co.Toronto ,
Year of publication 1965.
300 ## - PHYSICAL DESCRIPTION
Number of Pages 711 ; .
700 1# - ADDED ENTRY--PERSONAL NAME
Personal name Fuquey, Robert.F .
942 ## - ADDED ENTRY ELEMENTS (KOHA)
Koha item type Books
Holdings
Withdrawn status Lost status Damaged status Home library Current library Date acquired Full call number Accession Number Koha item type
Withdrawn     KAUAET Sanskrit University 07/04/2012 320.1 10865 Books
free website counter